Vplyv značky na vnímanie kvality v prostredí medzinárodného trhu bakalárska práca

Guardado en:
Detalles Bibliográficos
Autor principal: Krupová, Dagmara
Autor Corporativo: Obchodná fakulta EU. Katedra tovaroznalectva a kvality tovaru
Otros Autores: Strhan, Rastislav, 1968-
Formato: Libro
Lenguaje:eslovaco
Publicado: Bratislava 2013
Etiquetas: Agregar Etiqueta
Sin Etiquetas, Sea el primero en etiquetar este registro!

MARC

LEADER 00000nbm a2200000 4500
001 0171314
005 20161109112030.5
041 0 |a slo 
044 |a SK 
245 1 0 |a Vplyv značky na vnímanie kvality v prostredí medzinárodného trhu  |b bakalárska práca  |c Dagmara Krupová ; školiteľ: Rastislav Strhan 
264 1 |a Bratislava  |c 2013 
300 |a 49 s. 
100 1 |a Krupová, Dagmara 
700 1 |a Strhan, Rastislav, 1968- 
710 2 |a Obchodná fakulta EU. Katedra tovaroznalectva a kvality tovaru